000 00505nam a2200169Ia 4500
008 090201s9999 xx 000 0 und d
010 _aKPL-32404
040 _bमराठी
041 _aमराठी
082 _a36241
_b32404
100 _aउद्धव ज. शेळके
245 _aबिंदिया
_cउद्धव ज. शेळके
260 _c2004
_bसरस प्रकाशन
300 _a196
_bमोठा
600 _aबिंदिया
942 _cBOOK
999 _c234248
_d234248